|
|
|
|
| LEADER |
00000nas a2200000 i 4500 |
| 001 |
ssj0002150734 |
| 003 |
WaSeSS |
| 005 |
20200512172242.0 |
| 006 |
m d |
| 007 |
cr n |
| 008 |
190204c20199999sz uu pos 0 0eng |
| 010 |
|
|
|a 2019243020
|
| 016 |
7 |
|
|a 101741142
|2 DNLM
|
| 022 |
|
|
|a 2661-801X
|l 2661-801X
|
| 035 |
|
|
|a (WaSeSS)ssj0002150734
|
| 040 |
|
|
|a NLM
|b eng
|c NLM
|d OCLCO
|d VT2
|d OCLCF
|d OCLCA
|d WaSeSS
|
| 042 |
|
|
|a pcc
|
| 060 |
0 |
0 |
|a W1
|
| 210 |
1 |
0 |
|a BMC Chem
|2 dnlm
|
| 245 |
0 |
0 |
|a BMC chemistry
|h [electronic resource].
|
| 260 |
|
|
|a Cham, Switzerland :
|b Springer Nature,
|c [2019]-
|
| 362 |
1 |
|
|a Began with Volume 13, issue 1 (December 2019).
|
| 506 |
|
|
|a License restrictions may limit access.
|
| 515 |
|
|
|a Articles within an annual volume are added as received during the year.
|
| 588 |
|
|
|a Description based on: Volume 13, issue 1 (December 2019); title from journal homepage (SpringerLink, viewed February 19, 2019).
|
| 588 |
|
|
|a Latest issue consulted: Volume 13, issue 1 (December 2019) (viewed February 19, 2019).
|
| 650 |
1 |
2 |
|a Chemical Phenomena.
|
| 650 |
2 |
2 |
|a Chemistry.
|
| 650 |
2 |
2 |
|a Research.
|
| 655 |
|
0 |
|a Electronic journals.
|
| 780 |
0 |
0 |
|t Chemistry Central journal
|x 1752-153X
|w (DLC) 2009250545
|w (OCoLC)85809995
|
| 856 |
4 |
0 |
|z Full text available from Research Library: 01/01/2009 to present
|u https://search.proquest.com/publication/54776
|